00527nam a22001457a 4500003000900000008004100009040007100050082001900121100003400140245006400174260006000238300002800298650002500326650003000351AR-CdUCM190312b ||||| |||| 00| 0 spa d aMUNICIPALIDAD PROVINCIAL DEL CUSCOcBIBLIOTECA MUNICIPAL DEL CUSCO a372.86 / bG66 aGonzales Quispe, Freddy Frank aManual terminológico de educación física y deporte /  aCusco : bGráfica editorial Aguilar E.I.R.L., c2013. a97 páginas ; c20 cm. aEducación física aTerminología - Deportes